Fundamentos lingüísticos para una política idiomatica en la comunidad hispanohablante
Guardat en:
| Format: | Llibre |
|---|---|
| Idioma: | espanyol |
| Publicat: |
Santiago
Universidad de Chile
1983
|
| Matèries: | |
| Etiquetes: |
Afegir etiqueta
Sense etiquetes, Sigues el primer a etiquetar aquest registre!
|
MARC
| LEADER | 00000nam a2200000 a 4500 | ||
|---|---|---|---|
| 001 | UCY3640 | ||
| 003 | CL-VaPUC | ||
| 005 | 20220315074411.0 | ||
| 008 | 950111e19830000cl 1 spa d | ||
| 082 | 0 | 4 | |a 410 |b FUN |2 21 |
| 245 | 1 | 0 | |a Fundamentos lingüísticos para una política idiomatica en la comunidad hispanohablante |
| 260 | |a Santiago |b Universidad de Chile |c 1983 | ||
| 300 | |a 93 p | ||
| 583 | |a last modification |c 20190821 09:51:46 |k Rodrigo Vera | ||
| 650 | 0 | 0 | |a Lingüística |9 265068 |
| 650 | 0 | 0 | |a Congresos |9 257560 |
| 942 | |c BK | ||
| 945 | |a rbrito |d 19950111 00:00:00 | ||
| 546 | |a En Español | ||
| 536 | |a Universidad de Chile | ||
| 518 | |p Seminario Internacional Fundamentos Lingüísticos para una Política Idiomática en la Comunidad Hispanohablante, 1, Santiago, 1981 | ||
| 999 | |c 382344 |d 382342 | ||
| 952 | |0 0 |1 0 |4 0 |6 410_000000000000000_FUN_1983 |7 0 |8 A |9 503975 |a BIBEDU |b BIBEDU |d 2020-01-23 |i 3046656 |o 410 FUN 1983 |p 3046656 |r 2020-01-23 |w 2020-01-23 |y BK |k LIT | ||
| 952 | |0 0 |1 0 |4 0 |6 410_000000000000000_FUN_1983 |7 0 |8 A |9 503976 |a FDOPOS |b FDOPOS |d 2020-01-23 |i 1471805 |o 410 FUN 1983 |p 1471805 |r 2025-01-22 |w 2020-01-23 |y BK |k MLA | ||
| 952 | |0 0 |1 0 |4 0 |6 410_000000000000000_FUN_1983 |7 0 |8 A |9 503977 |a FDOPOS |b FDOPOS |d 2020-01-23 |i 4517180 |o 410 FUN 1983 |p 4517180 |r 2025-01-22 |w 2020-01-23 |y BK |k MLA | ||